Ciencias naturales : tercer grado :

Saved in:
Bibliographic Details
Main Author: Candela Martín, María Antonia. Gutiérrez Vázquez, Juan Manuel. (Author, Project director)
Corporate Author: México. Comisión Nacional de los Libros de Texto Gratuitos.
Format: Book
Language:Spanish
Published: México : SEP. Comisión Nacional de los libros de texto gratuitos, 1977.
Textbook Catalogue:MANES:  Library Catalog Search Result
Textbook Classification:
Series:Libro de texto gratuito
Tags: Add Tag
No Tags, Be the first to tag this record!
Added to:2005-10-16
Changed in:2025-05-08

MARC

LEADER 00000cam a2200000 a 4500
003 OSt
005 20250508092035.0
008 051017n1977 mx f 000 0 spa d
040 |a CINV  |c CINV 
050 0 4 |a LTG LB1585  |b M49lm 3º 1976 
051 0 4 |a LTG LB1585-M49lm 3º 1976 
110 2 |a México.  |b Comisión Nacional de los Libros de Texto Gratuitos. 
245 0 0 |a Ciencias naturales :  |b tercer grado :  |b Libro del maestro /  |c coordinación Juan Manuel Gutiérrez Vázquez ; María Antonia Candela Martín...[et al.] 
260 |a México :  |b SEP. Comisión Nacional de los libros de texto gratuitos,  |c 1977. 
300 |a 172 p. ;  |c 26 cm. 
440 |a Libro de texto gratuito  |9 21882 
505 |a Ciclo escolar: 1976-1977. 
546 |a México 
561 |5 mx-CINVES  |a México. DIE-Cinvestav (Ciudad de México)  |k MANES 
691 0 |a PRI 
700 1 |a Candela Martín, María Antonia.  |e coaut.  |9 35609  |a Gutiérrez Vázquez, Juan Manuel.  |e coord. 
910 |a E-33065  |b Don. 
911 |a E-33065 
942 |2 ddc  |c BK 
999 |c 54873  |d 54873 
999 |c manes:54873  |d 54873